Statistics for Top 10 Asian Countries with the Highest GDP

Click here to take the quiz!

General Stats

  • This quiz has been taken 53 times
  • The average score is 9 of 10

Answer Stats

GDPAnswer% Correct
$24.27 trillionChina
100%
$5.33 trillionJapan
98%
$8.91 trillion
India
94%
$2.23 trillionSouth Korea
91%
$1.63 trillionSaudi Arabia
89%
$3.30 trillionIndonesia
85%
$1.3 trillionThailand
81%
$1.1 trillionIran
79%
$1.08 trillion
Pakistan
74%
$2.37 trillionTurkey
72%

Score Distribution

Percentile by Number Answered

Percent of People with Each Score

Your Score History

You have not taken this quiz